La révolution suédoise

Guardat en:
Dades bibliogràfiques
Autor principal: Ardant, Gabriel
Format: Llibre
Idioma:Undetermined
Publicat: Paris R. Laffont 1976
Matèries:
Etiquetes: Afegir etiqueta
Sense etiquetes, Sigues el primer a etiquetar aquest registre!
Thư viện lưu trữ: Trung tâm Học liệu Trường Đại học Cần Thơ
LEADER 00468nam a2200181Ia 4500
001 CTU_82157
008 210402s9999 xx 000 0 und d
082 |a 335 
082 |b A676 
100 |a Ardant, Gabriel 
245 0 |a La révolution suédoise 
245 0 |c Gabriel Ardant 
260 |a Paris 
260 |b R. Laffont 
260 |c 1976 
650 |a Industrial relations 
904 |i Trọng Hải 
980 |a Trung tâm Học liệu Trường Đại học Cần Thơ